书目信息 |
| 题名: |
固体电解质
|
|
| 作者: | 史美伦 编著 | |
| 分册: | ||
| 出版信息: | 重庆 科学技术文献出版社重庆分社 1982 |
|
| 页数: | 392页 | |
| 开本: | 19cm | |
| 丛书名: | ||
| 单 册: | ||
| 中图分类: | TM24 | |
| 科图分类: | ||
| 主题词: | 固体电解质 , 导电材料--制品 , 导电材料 | |
| 电子资源: | ||
| ISBN: | ||
| 000 | 00683nam0 2200253 45 | |
| 001 | 0182005561 | |
| 005 | 20060815105535.57 | |
| 010 | @dCNY1.30 | |
| 091 | @a13176.109 | |
| 100 | @a19950622d1982 em y0chiy0121 ea | |
| 101 | 0 | @achi |
| 102 | @aCN@b510000 | |
| 105 | @ay z 000yy | |
| 200 | 10 | @a固体电解质@Agu ti dian jie zhi@f史美伦编著@Fshi mei lun bian zhu |
| 210 | @a重庆@c科学技术文献出版社重庆分社@d1982 | |
| 215 | @a392页@d19cm | |
| 606 | @a固体电解质 | |
| 606 | 0 | @a导电材料@x制品 |
| 606 | 0 | @a导电材料 |
| 690 | @aTM24 | |
| 701 | 0 | @a史美伦@Ashi mei lun@4编著 |
| 801 | 0 | @aCN@b上海图书馆@c20060815 |
| 801 | 2 | @aCN@bNLC@c20060814 |
| 905 | @f2@b122148-149@dTM24@e8 | |
| 固体电解质/史美伦编著.-重庆:科学技术文献出版社重庆分社,1982 |
| 392页;19cm |
| ISBN :CNY1.30 |
| ● |
| 相关链接 |
|
|
|
|
正题名:固体电解质
索取号:TM24/8
 
预约/预借
| 序号 | 登录号 | 条形码 | 馆藏地/架位号 | 状态 | 备注 |
| 1 | 0122146 | 202163176 | 密集书库/ [索取号:TM24/8] | 在馆 | |
| 2 | 0122147 | 001343585 | 第二样本阅览室/ [索取号:TM24/8] | 在馆 | |
| 3 | 0122148 | 001343549 | 第三借阅区/ [索取号:TM24/8] | 在馆 | |
| 4 | 0122149 | 202162220 | 密集书库/ [索取号:TM24/8] | 在馆 | |
| 5 | 0122150 | 202162195 | 密集书库/ [索取号:TM24/8] | 在馆 | |
| 6 | 0438194 | 204381944 | 密集书库/ [索取号:TM24/8] | 在馆 | |
| 7 | 0458213 | 204582139 | 密集书库/ [索取号:TM24/8] | 在馆 | |
| 8 | 0458235 | 204582353 | 密集书库/ [索取号:TM24/8] | 在馆 | |
| 9 | 0458466 | 204584663 | 密集书库/ [索取号:TM24/8] | 在馆 |